000 00707cam a2200229 4500
001 M1408
008 090401t1993 xxu||||| |||| 00| 0 eng d
035 _a(Sirsi) u31736
041 _aeng
050 _a333.0062
090 _aRICS 1993/26A
100 _aJonas, Christopher
245 _aChartered surveyors - fit for purpose. Speech by the President of the Royal Institution of Chartered Surveyors, Christopher Jonas, delivered at the City of London Branch AGM on 22 April 1993.
260 _aLondon
_bRICS
_c1993
300 _a(12)p. ; 30cm.
350 _a0
650 _aABOUT RICS-RICS MEMBERS
650 _aCITY OF LONDON BRANCH
650 _aSPEECHES
942 _n0
948 _c04/03/1997
999 _c89619
_d89619